000 00593nam a22002177a 4500
003 UA-OsUOA
001 36127
007 ta
008 20060706b un ||||| |||| 00| 0 ukr d
090 _a082./94(100)
_bА43
942 _cBK
040 _aUA-OsUOA
_bukr
_cUA-OsUOA
_dUA-OsUOA
245 _aАктуальні проблеми вітчизняної та всесвітньої історії
_bЗбірник наукових праць
300 _a280 с.
955 _a1
041 _aukr
080 _a082./94(100)
260 _aХарків
_c2000
650 7 _2UDC
999 _c434658
_d434658